Knížka o zachování dobrého zdraví školy Salernské /

Hlavní autor: Schrutz, Ondřej, 1865-1932
Jazyk: Čeština
Vydáno: Praha : J. Otto, 1900
Edice: Lidové rozpravy lékařské
Fyzický popis: 42 s. ; 21 cm
Knihy
Uloženo v:
LEADER 00782nam a22002292a 4500
001 001723086
003 CZ BrMZK
005 20191219111335.0
007 ta
008 191219s1900 xr er|||||||||||cze d
040 |a BOA001  |b cze  |e aacr2 
100 1 |a Schrutz, Ondřej,  |d 1865-1932  |7 jk01111121  |4 aut 
245 1 0 |a Knížka o zachování dobrého zdraví školy Salernské /  |c Ondřej Schrutz 
260 |a Praha :  |b J. Otto,  |c 1900 
300 |a 42 s. ;  |c 21 cm 
490 1 |a Lidové rozpravy lékařské ;  |v řoč. 1, č. 12 
501 |a Přívazek k: Zdroje lékařského vědění a umění / Eduard Albert 
830 0 |a Lidové rozpravy lékařské  |0 s 
910 |a BOA001  |b 2-0035.090,1-12,přív.8 
990 |a BK 
993 |a Y 
994 |a UP  |l MZK01  |b 000675582  |m přívazek 8  |n záznam 1. díla